000 00455nam a2200181Ia 4500
001 19920
005 20260306172728.0
008 260306t2008||||xx |||||||||||||| ||spa||
041 _aESP
082 _a341.4
_bM27
100 _aMassini Correas, Carlos I.
_eAUT
245 0 _aObjetividad jurídica e interpretación del derecho
260 _c2008
300 _a169 páginas :
_c23 cm.
650 _aGEN
654 _aCDE
942 _cLIB
_dJUS
_fJUS
_2ddc
_n
999 _c19920
_d19920